Las políticas nacionales y las nuevas tecnologías /

Ensayos sobre las nuevas tecnologías de comunicación y su impacto en las sociedades del tercer mundo.

Uloženo v:
Podrobná bibliografie
Hlavní autor: Rothschuh Villanueva, Guillermo (autor)
Médium: Kniha
Jazyk:španělština
Vydáno: México : La Brújula, 1984
Témata:
Tagy: Přidat tag
Žádné tagy, Buďte první, kdo vytvoří štítek k tomuto záznamu!

MARC

LEADER 00000nam^a2200000^a^4500
001 000021454
005 20250521000000.0
009 20260310084417.971
037 |a Acervo ITESO - Biblioteca 
041 |a ESP 
082 |a 322. 31  |b ROT 
100 |a Rothschuh Villanueva, Guillermo  |e (autor) 
245 1 4 |a Las políticas nacionales y las nuevas tecnologías /  |c G. Rothschuh Villanueva. 
264 1 |a México :  |b La Brújula,  |c 1984 
300 |a 126 p. 
336 |a texto  |b txt  |2 rdacontenido 
337 |a sin mediación  |b n  |2 rdamedio 
338 |a volumen  |b nc  |2 rdasoporte 
520 |a Ensayos sobre las nuevas tecnologías de comunicación y su impacto en las sociedades del tercer mundo. 
649 |a XX 
650 |a Tecnologías de Comunicación e Información 
650 |a Tecnología y Sociedad 
650 |a Medios de Comunicación 
650 |a Comunicación Masiva 
650 |a Política de Comunicación 
650 |a Imperialismo 
650 |a Capitalismo 
650 |a Comunicación y Política 
910 |a Fondo General 
920 |a Impresos - Libros 
930 |a Colección General 
905 |a 101 
901 |a 0214540100  |b IT1  |c ACC  |i 021454  |u 20250521 
902 |a https://opac.biblio.iteso.mx/vufind/Record/000021454